Európska únia v 21. storočí: ekonomická kríza - vnútorná integrita v ohrození

Aktuálne obdobie hlbokej ekonomickej a finančnej krízy eurozóny prináša so sebou aj komplexnú a širokospektrálnu krízu legitimity Európskej únie, ktorá do značnej miery ovplyvňuje nie len jej pôsobenie vo vzťahu k svojim vlastným členom, ale najmä jej úlohu relevantného a zodpovedného aktéra na medz...

Ausführliche Beschreibung

Gespeichert in:
Bibliographische Detailangaben
1. Verfasser: Dzurňáková, Jana
Weitere Verfasser: Pešout, Ivan
Format: Buchkapitel
Sprache:Slowakisch
Schlagworte:
Tags: Tag hinzufügen
Keine Tags, Fügen Sie das erste Tag hinzu!

MARC

LEADER 00000naa a2200000 4500
001 0162451
005 20220714120405.7
041 0 |a slo 
044 |a CZ 
245 1 0 |a Európska únia v 21. storočí: ekonomická kríza - vnútorná integrita v ohrození  |c Jana Dzurňáková, Ivan Pešout 
520 |a Aktuálne obdobie hlbokej ekonomickej a finančnej krízy eurozóny prináša so sebou aj komplexnú a širokospektrálnu krízu legitimity Európskej únie, ktorá do značnej miery ovplyvňuje nie len jej pôsobenie vo vzťahu k svojim vlastným členom, ale najmä jej úlohu relevantného a zodpovedného aktéra na medzinárodnej scéne. V nadchádzajúcom období bude pre Európsku úniu kľúčovou predovšetkým nevyhnutnosť rozhodnutia o svojej ďalšej existencii a fungovaní. Súčasná kríza legitimity Európskej únie a aktuálne diskutované spôsoby budúceho smerovania Európskej únie, zahŕňajúce v krátkosti ako výhody, tak aj nevýhody každej z nich a náčrt obraz o zložitosti, rozsahu vplyvu a dopadov jednotlivých variácií. 
610 2 0 |a Európska únia 
610 2 0 |a eurozóna 
610 2 0 |a kríza hospodárska 
610 2 0 |a legislatíva 
610 2 0 |a integrácia ekonomická medzinárodná 
100 1 |a Dzurňáková, Jana 
700 1 |a Pešout, Ivan